[Event "Online Olym Div3 D"]
[Site "Chess.com INT"]
[Date "2021.08.29"]
[Round "8.1"]
[White "James, Shemilah"]
[Black "Aponte, Samantha"]
[Result "1-0"]
[WhiteElo "1593"]
[BlackElo "1087"]
[PlyCount "62"]
[EventDate "2021.08.27"]
[EventType "team-tourn (rapid)"]
[EventRounds "9"]
[EventCountry "USA"]
[SourceTitle "CBM 204 Extra"]
[Source "ChessBase"]
[SourceDate "2021.11.30"]
[SourceVersion "1"]
[SourceVersionDate "2021.11.30"]
[SourceQuality "1"]
[WhiteTeam "Trinidad and Tobago"]
[BlackTeam "Aruba"]
[WhiteTeamCountry "TRI"]
[BlackTeamCountry "ARN"]

1. e4 e5 2. Nf3 Nc6 3. Bc4 Nf6 4. d3 Bc5 5. c3 d6 6. 0-0 Bg4 7. Nbd2 0-0 8. h3 Bh5 9. Bb3 Bb6 10. Re1 h6 11. Nf1 d5 12. exd5 Nxd5 13. Ng3 Re8 14. Nxh5 Nf6 15. Ng3 Qd7 16. Ne4 Qe7 17. Nxf6+ Qxf6 18. Be3 Rad8 19. Qc2 Kh8 20. Bxb6 axb6 21. Rad1 Kg8 22. Re4 Rd6 23. Rde1 Red8 24. Nxe5 Nxe5 25. Rxe5 Rxd3 26. Re8+ Kh7 27. Rxd8 Qxd8 28. Rd1 Kg8 29. Qxd3 Qf6 30. Qd8+ Qxd8 31. Rxd8+ Kh7 1-0

[Event "Wch FIDE Online U18 Girls America qual"]
[Site "Tornelo INT"]
[Date "2020.12.03"]
[Round "5"]
[White "James, Shemilah"]
[Black "Shariff, Sasha Christina"]
[Result "1-0"]
[WhiteElo "1494"]
[BlackElo "1195"]
[PlyCount "41"]
[EventDate "2020.12.01"]
[EventType "swiss (rapid)"]
[EventRounds "7"]
[EventCountry "ISS"]
[SourceTitle "EXT 2022"]
[Source "ChessBase"]
[SourceDate "2021.10.06"]
[SourceVersion "1"]
[SourceVersionDate "2021.10.06"]
[SourceQuality "1"]

1. e4 e5 2. Nf3 Nc6 3. Bc4 Be7 4. d3 h6 5. c3 Nf6 6. 0-0 d6 7. Re1 Bg4 8. Nbd2 Qd7 9. Nf1 0-0-0 10. Ng3 d5 11. exd5 Nxd5 12. h3 Be6 13. Bb5 a6 14. Nxe5 Qe8 15. Bxc6 bxc6 16. Qa4 Bd7 17. Qxa6+ Kb8 18. Be3 Nxe3 19. Rxe3 Bd6 20. Nxc6+ Bxc6 21. Rxe8 1-0

[Event "Wch FIDE Online U18 Girls America qual"]
[Site "Tornelo INT"]
[Date "2020.12.03"]
[Round "6"]
[White "Salazar Gould, Melannie"]
[Black "James, Shemilah"]
[Result "1-0"]
[WhiteElo "1968"]
[BlackElo "1494"]
[PlyCount "83"]
[EventDate "2020.12.01"]
[EventType "swiss (rapid)"]
[EventRounds "7"]
[EventCountry "ISS"]
[SourceTitle "EXT 2022"]
[Source "ChessBase"]
[SourceDate "2021.10.06"]
[SourceVersion "1"]
[SourceVersionDate "2021.10.06"]
[SourceQuality "1"]

1. e4 e5 2. Bc4 Nc6 3. Nf3 Bc5 4. d3 d6 5. c3 Bb6 6. Nbd2 Nf6 7. Bb3 0-0 8. h3 Ne7 9. Nf1 Ng6 10. g3 c6 11. Be3 Be6 12. Bc2 Qd7 13. h4 Ng4 14. h5 Nxe3 15. Nxe3 Ne7 16. d4 exd4 17. Nxd4 Bxd4 18. cxd4 h6 19. Qd3 f5 20. 0-0-0 a5 21. exf5 Nxf5 22. g4 Nxe3 23. Qh7+ Kf7 24. fxe3 Rg8 25. Rdf1+ Ke7 26. e4 Kd8 27. d5 Bf7 28. e5 dxe5 29. dxc6 bxc6 30. Rd1 Bd5 31. Bf5 Qe7 32. Kb1 Kc7 33. Qg6 Rab8 34. Rxd5 Qb4 35. Rd7+ Kb6 36. Rc1 Rgc8 37. Rd3 Ka6 38. Rb3 Qd4 39. Bxc8+ Rxc8 40. Rxc6+ Rxc6 41. Qxc6+ Ka7 42. Qb7# 1-0

[Event "Fide Inter Con Cup U18"]
[Site "Tornelo INT"]
[Date "2020.10.10"]
[Round "4"]
[White "James, Shemilah"]
[Black "Maltsevskaya, Aleksandra"]
[Result "0-1"]
[WhiteElo "1613"]
[BlackElo "2079"]
[PlyCount "50"]
[EventDate "2020.10.10"]
[EventType "swiss (rapid)"]
[EventRounds "6"]
[EventCountry "NET"]
[SourceTitle "EXT 2022"]
[Source "ChessBase"]
[SourceDate "2021.10.06"]
[SourceVersion "1"]
[SourceVersionDate "2021.10.06"]
[SourceQuality "1"]

1. e4 c5 2. Nf3 e6 3. d4 cxd4 4. Nxd4 Nc6 5. Nc3 a6 6. f3 d5 7. exd5 exd5 8. Bd3 Nxd4 9. Be3 Nc6 10. Ne2 Nf6 11. c3 Bd6 12. 0-0 0-0 13. Qc2 Re8 14. Ng3 Rxe3 15. Rae1 Rxe1 16. Rxe1 Bxg3 17. hxg3 Be6 18. f4 Qb6+ 19. Kh1 Ng4 20. Re2 Bd7 21. Bxh7+ Kh8 22. Bd3 Nd4 23. Qd2 Qh6+ 24. Kg1 Qh2+ 25. Kf1 Qh1# 0-1

[Event "Fide Inter Con Cup U18"]
[Site "Tornelo INT"]
[Date "2020.10.10"]
[Round "6"]
[White "James, Shemilah"]
[Black "Nurgali, Nazerke"]
[Result "0-1"]
[WhiteElo "1613"]
[BlackElo "2217"]
[PlyCount "102"]
[EventDate "2020.10.10"]
[EventType "swiss (rapid)"]
[EventRounds "6"]
[EventCountry "NET"]
[SourceTitle "EXT 2022"]
[Source "ChessBase"]
[SourceDate "2021.10.06"]
[SourceVersion "1"]
[SourceVersionDate "2021.10.06"]
[SourceQuality "1"]

1. e4 c6 2. d4 d5 3. exd5 cxd5 4. c3 Nc6 5. Bd3 Nf6 6. Bf4 g6 7. Nf3 Bg7 8. 0-0 0-0 9. Re1 Nh5 10. Be3 f6 11. Nbd2 e5 12. dxe5 fxe5 13. Bc2 Bg4 14. h3 Bxf3 15. Nxf3 e4 16. Nd4 Qe7 17. Bb3 Rad8 18. Nxc6 bxc6 19. Ba4 Qc7 20. Bc5 Rf7 21. Bb3 Nf4 22. Bc2 Rb8 23. Rb1 Qe5 24. Bd4 Qg5 25. Qg4 Qxg4 26. hxg4 Bxd4 27. cxd4 Ne6 28. f3 Nxd4 29. Ba4 exf3 30. gxf3 Nxf3+ 31. Kf2 Nxe1+ 32. Kxe1 Rf6 33. Bb3 Re8+ 34. Kd2 Re4 35. g5 Rf2+ 36. Kd3 Rg4 37. Re1 Rxg5 38. Re7 c5 39. Ke3 Rxb2 40. Rd7 c4 41. Ba4 Rxa2 42. Bc6 Ra5 43. Rd8+ Kg7 44. Rd7+ Kf6 45. Rxh7 c3 46. Rc7 Rc5 47. Kd4 Rc4+ 48. Kd3 c2 49. Rd7 c1Q 50. Bxd5 Rg3+ 51. Ke2 Rc2# 0-1

[Event "Olympiad Women-43"]
[Site "Batumi"]
[Date "2018.10.03"]
[Round "9.3"]
[White "James, Shemilah"]
[Black "Lohani, Sujana"]
[Result "1-0"]
[WhiteElo "1535"]
[BlackElo "1537"]
[PlyCount "107"]
[EventDate "2018.09.24"]
[EventType "team-swiss"]
[EventRounds "11"]
[EventCountry "GEO"]
[SourceTitle "EXT 2020"]
[Source "ChessBase"]
[SourceDate "2019.10.17"]
[SourceVersion "1"]
[SourceVersionDate "2019.10.17"]
[SourceQuality "1"]
[WhiteTeam "Trinidad and Tobago (W)"]
[BlackTeam "Nepal (W)"]
[WhiteTeamCountry "TRI"]
[BlackTeamCountry "NEP"]

1. e4 d6 2. d4 Nf6 3. Nc3 g6 4. Bc4 Bg7 5. Qe2 0-0 6. e5 Ne8 7. Bg5 Nc6 8. 0-0-0 Kh8 9. Bh4 f6 10. e6 f5 11. Nf3 h6 12. Kb1 a6 13. Rhe1 Rb8 14. Nd5 Nf6 15. Bxf6 Bxf6 16. Nxf6 Rxf6 17. Ne5 Kg7 18. Nxc6 bxc6 19. d5 cxd5 20. Bxd5 c6 21. Bb3 d5 22. Qd3 Qb6 23. Qc3 Bb7 24. Qe5 Rd8 25. c3 Rd6 26. Qxd6 exd6 27. e7 Rf8 28. exf8Q+ Kxf8 29. Re2 Qc7 30. Rde1 Bc8 31. Ba4 Bd7 32. Re7 Qd8 33. Rh7 Be8 34. Rh8+ Kg7 35. Rhxe8 Qh4 36. Bxc6 Qc4 37. R8e7+ Kf6 38. R7e6+ Kg5 39. Be8 Qd3+ 40. Ka1 Qd2 41. R6e2 Qf4 42. g3 Qc4 43. Re6 Kg4 44. Bxg6 d4 45. cxd4 Qxd4 46. f3+ Kxf3 47. Bxf5 Kg2 48. R6e4 Qc5 49. R4e2+ Kf3 50. Be4+ Kg4 51. Bd3 a5 52. Re4+ Kg5 53. h4+ Kf6 54. Rf1+ 1-0

[Event "Port of Spain op"]
[Site "Port of Spain"]
[Date "2017.08.29"]
[Round "4"]
[White "James, Shemilah"]
[Black "Lee, Courtney"]
[Result "1/2-1/2"]
[WhiteElo "1485"]
[BlackElo "1863"]
[PlyCount "81"]
[EventDate "2017.08.27"]
[EventType "swiss"]
[EventRounds "9"]
[EventCountry "TRI"]
[SourceTitle "CBM 180 Extra"]
[Source "ChessBase"]
[SourceDate "2017.10.06"]
[SourceVersion "1"]
[SourceVersionDate "2017.10.06"]
[SourceQuality "1"]

1. e4 e6 2. d4 d5 3. exd5 exd5 4. Bf4 Nf6 5. Nf3 Bg4 6. Be2 Be7 7. 0-0 0-0 8. Nbd2 Nbd7 9. c3 Re8 10. Re1 Nf8 11. Ne5 Bxe2 12. Qxe2 c6 13. Qf3 Ne6 14. Re3 Nxf4 15. Qxf4 Bd6 16. Ndf3 Qc7 17. Rae1 Ne4 18. Qh4 Re6 19. Qg4 Rae8 20. h4 f6 21. Nd3 R6e7 22. a3 a5 23. h5 b6 24. h6 g6 25. Qh4 Re6 26. Nd2 f5 27. c4 Qf7 28. cxd5 cxd5 29. Nf4 Bxf4 30. Qxf4 Nxd2 31. Rxe6 Rxe6 32. Rxe6 Qxe6 33. Qxd2 Qe4 34. Qc1 Qxd4 35. Qc8+ Kf7 36. Qd7+ Kf8 37. Qxh7 Qd1+ 38. Kh2 Qh5+ 39. Kg1 Qd1+ 40. Kh2 Qh5+ 41. Kg1 1/2-1/2

[Event "TTO-ch (Women)"]
[Site "Port of Spain"]
[Date "2016.10.30"]
[Round "8"]
[White "James, Shemilah"]
[Black "Johnson, Chaya"]
[Result "1-0"]
[WhiteElo "1473"]
[BlackElo "1222"]
[PlyCount "55"]
[EventDate "2016.10.15"]
[EventType "tourn"]
[EventRounds "9"]
[EventCountry "TRI"]
[SourceTitle "CBM 175 Extra"]
[Source "ChessBase"]
[SourceDate "2016.12.12"]
[SourceVersion "1"]
[SourceVersionDate "2016.12.12"]
[SourceQuality "1"]

1. e4 e5 2. Nf3 Nc6 3. Bc4 Bc5 4. Nc3 d6 5. h3 Be6 6. Bb3 Nf6 7. d3 Qd7 8. Be3 Bb6 9. Ne2 0-0-0 10. Bxe6 Qxe6 11. Bxb6 axb6 12. 0-0 Rdg8 13. Ng5 Qd7 14. Ng3 h6 15. Nf3 g5 16. Nh2 h5 17. Qf3 Rg6 18. Qf5 Nd4 19. Qxd7+ Nxd7 20. c3 h4 21. cxd4 hxg3 22. fxg3 Rf6 23. dxe5 dxe5 24. Rxf6 Nxf6 25. Rf1 Rh6 26. Rf5 b5 27. Rxe5 Nd7 28. Re8# 1-0

[Event "TTO-ch (Women)"]
[Site "Port of Spain"]
[Date "2016.10.21"]
[Round "4"]
[White "Jones, Akeisha"]
[Black "James, Shemilah"]
[Result "1/2-1/2"]
[WhiteElo "1301"]
[BlackElo "1473"]
[PlyCount "154"]
[EventDate "2016.10.15"]
[EventType "tourn"]
[EventRounds "9"]
[EventCountry "TRI"]
[SourceTitle "CBM 175 Extra"]
[Source "ChessBase"]
[SourceDate "2016.12.12"]
[SourceVersion "1"]
[SourceVersionDate "2016.12.12"]
[SourceQuality "1"]

1. e4 e5 2. Nf3 Nc6 3. Bc4 Bc5 4. Nc3 Nf6 5. Ne2 d6 6. d3 Bg4 7. Ng5 0-0 8. h3 Bh5 9. Be3 Bxe3 10. fxe3 h6 11. Nf3 d5 12. exd5 Nxd5 13. Qd2 Nb6 14. 0-0-0 Nxc4 15. dxc4 Qxd2+ 16. Rxd2 Rad8 17. Rhd1 Rxd2 18. Rxd2 e4 19. Nh4 Ne5 20. Ng3 Bg6 21. Rd4 c5 22. Nxg6 Nxg6 23. Rxe4 f5 24. Re6 Nh4 25. Re5 b6 26. b3 Rf7 27. Kd2 g6 28. Re6 Kh7 29. Ke2 Nxg2 30. Kf3 Ne1+ 31. Kf4 Nxc2 32. h4 Nb4 33. a3 Nd3+ 34. Kf3 Nc1 35. b4 cxb4 36. axb4 Nd3 37. h5 gxh5 38. Nxh5 Nxb4 39. e4 fxe4+ 40. Kxe4 Rf1 41. Nf6+ Kh8 42. Re8+ Kg7 43. Nh5+ Kf7 44. Rc8 Re1+ 45. Kf5 Na6 46. Rh8 Rf1+ 47. Nf4 Nc5 48. Rxh6 Ne6 49. Rf6+ Kg7 50. Rxe6 Rb1 51. Kg5 Rg1+ 52. Kf5 Kf7 53. Rf6+ Ke7 54. Nd5+ Kd7 55. Rf7+ Kd6 56. Rxa7 Rf1+ 57. Ke4 Re1+ 58. Kd3 Kc5 59. Ra8 Kc6 60. Ra6 Kc5 61. Rxb6 Rd1+ 62. Ke4 Rd4+ 63. Ke5 Rxc4 64. Rb8 Rh4 65. Rc8+ Kb5 66. Nf6 Rh1 67. Kd4 Rd1+ 68. Ke3 Re1+ 69. Kd2 Re6 70. Ne8 Rh6 71. Ke3 Rh3+ 72. Kd4 Rh4+ 73. Kd5 Rh5+ 74. Ke6 Rh6+ 75. Kf7 Rh7+ 76. Kg6 Rh1 77. Rb8+ Kc6 1/2-1/2

[Event "Olympiad Women-42"]
[Site "Baku"]
[Date "2016.09.09"]
[Round "7.4"]
[White "Ibrahimi, Khadija"]
[Black "James, Shemilah"]
[Result "1-0"]
[WhiteElo "1565"]
[BlackElo "1495"]
[PlyCount "65"]
[EventDate "2016.09.02"]
[EventType "team-swiss"]
[EventRounds "11"]
[EventCountry "AZE"]
[SourceTitle "CBM 174 Extra"]
[Source "ChessBase"]
[SourceDate "2016.10.10"]
[SourceVersion "1"]
[SourceVersionDate "2016.10.10"]
[SourceQuality "1"]
[WhiteTeam "Morocco (W)"]
[BlackTeam "Trinidad and Tobago (W)"]
[WhiteTeamCountry "MAR"]
[BlackTeamCountry "TRI"]

1. e4 e5 2. Nf3 Nc6 3. Bc4 Bc5 4. 0-0 d6 5. h3 a6 6. c3 Nf6 7. d3 h6 8. Bb3 Ba7 9. Nbd2 0-0 10. Re1 Re8 11. Nc4 b5 12. Ne3 Ne7 13. Nh4 c6 14. Qf3 d5 15. Nef5 Nxf5 16. Nxf5 Bxf5 17. Qxf5 dxe4 18. dxe4 c5 19. Rd1 Qc8 20. Qf3 c4 21. Bc2 Qc6 22. a4 Nd7 23. Qf5 Nc5 24. axb5 axb5 25. Be3 Bb6 26. Rxa8 Qxa8 27. Kh2 Qc6 28. Rd5 Qc7 29. Bxc5 Bxc5 30. Rd7 Re7 31. Rxc7 Rxc7 32. Qxe5 Rc8 33. Qf5 1-0

[Event "Olympiad Women-42"]
[Site "Baku"]
[Date "2016.09.06"]
[Round "5.4"]
[White "Farnela, Nuzela Zacarias Mus"]
[Black "James, Shemilah"]
[Result "1/2-1/2"]
[WhiteElo "1350"]
[BlackElo "1495"]
[PlyCount "64"]
[EventDate "2016.09.02"]
[EventType "team-swiss"]
[EventRounds "11"]
[EventCountry "AZE"]
[SourceTitle "CBM 174 Extra"]
[Source "ChessBase"]
[SourceDate "2016.10.10"]
[SourceVersion "1"]
[SourceVersionDate "2016.10.10"]
[SourceQuality "1"]
[WhiteTeam "Mozambique (W)"]
[BlackTeam "Trinidad and Tobago (W)"]
[WhiteTeamCountry "MOZ"]
[BlackTeamCountry "TRI"]

1. e4 e5 2. Nf3 Nc6 3. Bc4 Bc5 4. Nc3 d6 5. h3 a6 6. 0-0 Nf6 7. d3 h6 8. a3 0-0 9. Re1 Be6 10. Ba2 Qd7 11. Be3 Bxe3 12. Rxe3 Bxa2 13. Rxa2 d5 14. exd5 Nxd5 15. Nxd5 Qxd5 16. Ra1 Rfe8 17. c4 Qd6 18. Qd2 Rad8 19. Qc3 Nd4 20. Nxd4 Qxd4 21. Qxd4 exd4 22. Rxe8+ Rxe8 23. Kf1 Kf8 24. Re1 Rxe1+ 25. Kxe1 Ke7 26. Ke2 Kd6 27. Kf3 c5 28. Ke4 b6 29. f4 Ke6 30. h4 f5+ 31. Kf3 h5 32. g3 g6 1/2-1/2

[Event "Port of Spain op"]
[Site "Port of Spain"]
[Date "2016.08.02"]
[Round "7"]
[White "Saha, Anusha"]
[Black "James, Shemilah"]
[Result "0-1"]
[WhiteElo "1130"]
[BlackElo "1529"]
[PlyCount "140"]
[EventDate "2016.07.29"]
[EventType "swiss"]
[EventRounds "9"]
[EventCountry "TRI"]
[SourceTitle "EXT 2023"]
[Source "ChessBase"]
[SourceDate "2022.10.05"]
[SourceVersion "1"]
[SourceVersionDate "2022.10.05"]
[SourceQuality "1"]

1. Nf3 d5 2. g3 e6 3. Bg2 Bd6 4. d3 Nf6 5. 0-0 c5 6. Nbd2 Nc6 7. b3 0-0 8. Bb2 h6 9. Re1 Re8 10. e4 e5 11. Rc1 d4 12. Nc4 b5 13. Nxd6 Qxd6 14. c3 Bg4 15. h3 Bxf3 16. Bxf3 Ne7 17. cxd4 cxd4 18. Qd2 Ng6 19. Rc2 Qd7 20. Kg2 h5 21. Qg5 h4 22. gxh4 Nf4+ 23. Kf1 Qxh3+ 24. Bg2 Qxd3+ 25. Ree2 Nxe2 26. Rxe2 Rac8 27. Qd2 Qxd2 28. Rxd2 Red8 29. Ke2 d3+ 30. Kd1 Rc2 31. Rxc2 dxc2+ 32. Kxc2 Ng4 33. Bf3 Nxf2 34. Bxe5 Re8 35. Bd4 Nxe4 36. Bxa7 Nd6 37. a4 bxa4 38. bxa4 Rc8+ 39. Kb3 Rd8 40. Bc5 Nf5 41. a5 Rd3+ 42. Kb4 Rxf3 43. a6 Rd3 44. a7 Rd8 45. Bb6 Rc8 46. Ka5 Ne7 47. Ka6 Nc6 48. Kb7 Nxa7 49. Bxa7 Rc4 50. Bf2 f5 51. Kb6 f4 52. Kb5 Rc2 53. Be1 f3 54. Kb4 f2 55. Bxf2 Rxf2 56. Kc3 Rh2 57. Kd3 Rxh4 58. Ke3 Kf7 59. Kf3 g5 60. Kg3 Kf6 61. Kg2 Ra4 62. Kg3 Kf5 63. Kf3 g4+ 64. Kg3 Kg5 65. Kg2 Ra3 66. Kf2 g3+ 67. Kg2 Kg4 68. Kg1 Ra2 69. Kh1 Kh3 70. Kg1 Ra1# 0-1

[Event "Bridgetown sub zt 2.3.5 (Women)"]
[Site "Bridgetown"]
[Date "2016.04.28"]
[Round "1"]
[White "James, Shemilah"]
[Black "Vazquez Maccarini, Danitza"]
[Result "0-1"]
[WhiteElo "1550"]
[BlackElo "2043"]
[PlyCount "76"]
[EventDate "2016.04.28"]
[EventType "swiss"]
[EventRounds "9"]
[EventCountry "BAR"]
[SourceTitle "CBM 172 Extra"]
[Source "ChessBase"]
[SourceDate "2016.06.21"]
[SourceVersion "1"]
[SourceVersionDate "2016.06.21"]
[SourceQuality "1"]

1. e4 c5 2. Nf3 e6 3. d4 cxd4 4. Nxd4 a6 5. Nc3 Qc7 6. Be3 Nf6 7. f3 Bb4 8. Qd2 d5 9. Bd3 e5 10. Nb3 d4 11. Nxd4 exd4 12. Bxd4 Qd8 13. 0-0-0 Nc6 14. Be3 Be6 15. a3 Ba5 16. Bg5 h6 17. Bh4 g5 18. Bg3 Nh5 19. Bf2 Nf4 20. g3 Nxd3+ 21. Qxd3 Qxd3 22. Rxd3 Ne5 23. Re3 0-0-0 24. b4 Bc7 25. Na4 Kb8 26. Rc3 f6 27. h3 Nc6 28. g4 Be5 29. Rc5 Bf4+ 30. Kb1 Rd2 31. Rf1 Ne5 32. Rc3 Bc4 33. Re1 Rxf2 34. Rd1 Bd2 35. Rxd2 Rxd2 36. Nb2 Rc8 37. Kc1 Rh2 38. Na4 Bb5 0-1